The ballad of Abdul Wade : (Record no. 4087)
[ view plain ]
| 000 -LEADER | |
|---|---|
| fixed length control field | 01645nam a22001937a 4500 |
| 001 - CONTROL NUMBER | |
| control field | 4087 |
| 003 - CONTROL NUMBER IDENTIFIER | |
| control field | FISKH |
| 005 - DATE AND TIME OF LATEST TRANSACTION | |
| control field | 20240606094025.0 |
| 008 - FIXED-LENGTH DATA ELEMENTS--GENERAL INFORMATION | |
| fixed length control field | 240606b cb ||||| |||| 00| 0 eng d |
| 020 ## - INTERNATIONAL STANDARD BOOK NUMBER | |
| International Standard Book Number | 9781922806000 |
| 040 ## - CATALOGING SOURCE | |
| Original cataloging agency | FISKH |
| Language of cataloging | eng |
| Transcribing agency | FISKH |
| Modifying agency | FISKH |
| 082 ## - DEWEY DECIMAL CLASSIFICATION NUMBER | |
| Classification number | 994.00 |
| 100 ## - MAIN ENTRY--PERSONAL NAME | |
| Personal name | Butta, Ryan |
| 245 ## - TITLE STATEMENT | |
| Title | The ballad of Abdul Wade : |
| Statement of responsibility, etc. | Ryan Butta |
| 260 ## - PUBLICATION, DISTRIBUTION, ETC. | |
| Place of publication, distribution, etc. | South Melbourne : |
| Name of publisher, distributor, etc. | Affirm Press, |
| Date of publication, distribution, etc. | 2022 |
| 300 ## - PHYSICAL DESCRIPTION | |
| Extent | 301 pages : |
| Dimensions | 24 cm |
| 520 ## - SUMMARY, ETC. | |
| Summary, etc. | "When Afghan entrepreneur Abdul Wade first brought his camel trains to the outback, he was hailed as a hero. Horses couldn't access many remote settlements, especially those stricken by flood or drought, and camel trains rode to the rescue time and time again. But with success came fierce opposition fueled by prejudice. The camel was not even classed as an animal under Australian law, and, in a climate of colonial misinformation, hyperbole and fear, camel drivers such as Wade were shown almost as little respect. Yet all the while, for those in need, the ships of the desert continued to appear on the outback horizon. After his interest was piqued by a 19th-century photo of a camel train in a country town, Ryan Butta found himself on the trail of Australia's earliest Afghan camel-drivers. Separating the bull dust from the bush poetry, he reveals the breadth and depth of white Australian protectionism and prejudice. Told with flair and authority, this gritty alternative history defies the standard horse-powered folklore to reveal the untold debt this country owes to humble dromedaries, their drivers and those who brought them here." - Library Thing |
| 942 ## - ADDED ENTRY ELEMENTS (KOHA) | |
| Source of classification or shelving scheme | Dewey Decimal Classification |
| Koha item type | Books |
| Suppress in OPAC | No |
| Withdrawn status | Lost status | Source of classification or shelving scheme | Damaged status | Not for loan | Collection | Home library | Current library | Shelving location | Date acquired | Total Checkouts | Full call number | Barcode | Date last seen | Date last checked out | Price effective from | Koha item type | Public note |
|---|---|---|---|---|---|---|---|---|---|---|---|---|---|---|---|---|---|
| Dewey Decimal Classification | Non-Fiction | Footprints International School Library Network Toul Kork Campus | Footprints International School Library Network Toul Kork Campus | A TK Campus, 4th Floor, Room B401, Non-Fiction Bookcases(7-8) | 06/06/2024 | 1 | BUT 994 | 2024-0809 | 10/31/2025 | 10/31/2025 | 06/06/2024 | Books | Donated by Open Book Library 1, Phnom Penh |
